| 000 | 01271cam a2200361 i 4500 | ||
|---|---|---|---|
| 999 |
_c28782 _d28753 |
||
| 001 | 351331 | ||
| 003 | EG-ScBUE | ||
| 005 | 20200922124425.0 | ||
| 008 | 761216s1976 enk f b 001 0 eng d | ||
| 020 | _a0856643254 | ||
| 040 |
_aDLC _beng _erda _cDLC _dDLC _dEG-ScBUE |
||
| 043 |
_ae-uk-en _ae-uk-wl |
||
| 082 | 0 | 4 |
_a301.3620942 _bENG _222 |
| 100 | 1 |
_aEnglish, John, _d1944- _eauthor. |
|
| 245 | 1 | 0 |
_aSlum clearance : _bthe social and administrative context in England and Wales / _cJohn English, Ruth Madigan, Peter Norman. |
| 264 | 1 |
_aLondon : _bCroom Helm, _c1976. |
|
| 300 |
_a223 pages ; _c23 cm |
||
| 336 |
_2rdacontent _atext _btxt |
||
| 337 |
_2rdamedia _aunmediated _bn |
||
| 338 |
_2rdacarrier _avolume _bnc |
||
| 500 | _aIncludes appendix. | ||
| 504 | _aIncludes bibliographical references and index. | ||
| 650 | 7 |
_aUrban renewal _zEngland. _2BUEsh |
|
| 650 | 7 |
_aUrban renewal _zWales. _2BUEsh |
|
| 650 | 7 |
_aUrban renewal _zEngland _xCitizen participation. _2BUEsh |
|
| 650 | 7 |
_aUrban renewal _zWales _xCitizen participation. _2BUEsh |
|
| 653 | _bHHUUEENN | ||
| 655 |
_vReading book _934232 |
||
| 700 | 1 |
_aMadigan, Ruth, _ejoint author. |
|
| 700 | 1 |
_aNorman, Peter C., _ejoint author. |
|
| 906 |
_a7 _bcbc _corignew _d3 _encip _f19 _gy-gencatlg |
||
| 942 |
_2ddc _cBB |
||